Housing bill reforms will help the vulnerable (Record no. 73937)
[ view plain ]
| 000 -LEADER | |
|---|---|
| fixed length control field | 01255cam a2200253 4500 |
| 001 - CONTROL NUMBER | |
| control field | WB3947-11 |
| 008 - FIXED-LENGTH DATA ELEMENTS--GENERAL INFORMATION | |
| fixed length control field | 031210n2003 000 0 eng u |
| 035 ## - SYSTEM CONTROL NUMBER | |
| System control number | (Sirsi) u124589 |
| 245 ## - TITLE STATEMENT | |
| Title | Housing bill reforms will help the vulnerable |
| 260 ## - PUBLICATION, DISTRIBUTION, ETC. | |
| Date of publication, distribution, etc. | 2003 |
| 490 ## - SERIES STATEMENT | |
| Series statement | ODPM News Release |
| Volume/sequential designation | (2003/0260) 8 December 2003 (5) |
| 520 ## - SUMMARY, ETC. | |
| Summary, etc. | The Housing Bill was introduced into Parliament on the 8 December, with the aim to help the most vulnerable in the private sector, to strengthen the housing market and to help the government to meet it's 2010 decent homes target. Included in the bill are a number of reforms including, selective licensing, licensing of houses in multiple occupation, housing health and safety, home information packs, right to buy changes, a social housing ombudsman for Wales and grants for social housing. The news release can be viewed at http://www.odpm.gov.uk/pns/DisplayPN.cgi?pn_id=2003_0260. |
| 590 ## - LOCAL NOTE (RLIN) | |
| Local note | WB |
| 650 ## - SUBJECT ADDED ENTRY--TOPICAL TERM | |
| Topical term or geographic name entry element | HOUSING BILL |
| 650 ## - SUBJECT ADDED ENTRY--TOPICAL TERM | |
| Topical term or geographic name entry element | SELECTIVE LICENSING |
| 650 ## - SUBJECT ADDED ENTRY--TOPICAL TERM | |
| Topical term or geographic name entry element | HOUSES IN MULTIPLE OCCUPATION |
| 650 ## - SUBJECT ADDED ENTRY--TOPICAL TERM | |
| Topical term or geographic name entry element | HEALTH AND SAFETY |
| 9 (RLIN) | 6244 |
| 650 ## - SUBJECT ADDED ENTRY--TOPICAL TERM | |
| Topical term or geographic name entry element | HOME INFORMATION PACKS |
| 650 ## - SUBJECT ADDED ENTRY--TOPICAL TERM | |
| Topical term or geographic name entry element | RIGHT TO BUY |
| 650 ## - SUBJECT ADDED ENTRY--TOPICAL TERM | |
| Topical term or geographic name entry element | OMBUDSMAN |
| 650 ## - SUBJECT ADDED ENTRY--TOPICAL TERM | |
| Topical term or geographic name entry element | SOCIAL HOUSING GRANTS |
| 690 ## - LOCAL SUBJECT ADDED ENTRY--TOPICAL TERM (OCLC, RLIN) | |
| Topical term or geographic name as entry element | LAW-UK |
| 942 ## - ADDED ENTRY ELEMENTS (KOHA) | |
| Suppress in OPAC | 0 |
| Withdrawn status | Lost status | Source of classification or shelving scheme | Damaged status | Not for loan | Home library | Current library | Shelving location | Date acquired | Total Checkouts | Full call number | Barcode | Date last seen | Copy number | Price effective from | Koha item type |
|---|---|---|---|---|---|---|---|---|---|---|---|---|---|---|---|
| Dewey Decimal Classification | London | London | News article | 11/12/2003 | WB3947-11 | 124589-1002 | 06/08/2019 | 2 | 06/08/2019 | News article |